00544nam a2200169 a 450000100100000000500170001000800410002704000130006808200150008110000270009624500580012326000360018130000210021704900090023895201120024799900150035900000757520200929154223.0090909s1972 dr 001 0 spa d aDO-SdBNP axxxbC965o1 aCuello, Antonio92061010aOrtografía práctica y prosodia /cAntonio Cuello. aSanto Domingo :bTaller,c1972. a104 p. :b20 cm. aBNPD 0010718PDaPDbPDcCTd2009-09-09iLF1l0oxxx C965op7575-10r2020-06-25w2020-06-25yLFPDZNo se presta c7356d7356